LIBRARY & INFORMATION CENTRE, KCAET, TAVANUR

ONLINE PUBLIC ACCESS CATALOGUE (OPAC)

Power electronics / (Record no. 10296)

MARC details
000 -LEADER
fixed length control field 00324cam a2200133ua 4500
020 ## - INTERNATIONAL STANDARD BOOK NUMBER
ISBN 0-07-462400-2
082 ## - DEWEY DECIMAL CLASSIFICATION NUMBER
Classification number 621.317
Item number SEN/PO
100 ## - MAIN ENTRY--AUTHOR NAME
Personal name Sen, P C .
245 ## - TITLE STATEMENT
Title Power electronics /
250 ## - EDITION STATEMENT
Edition statement 1 /
260 ## - PUBLICATION, DISTRIBUTION, ETC. (IMPRINT)
Place of publication New Delhi :
Name of publisher Tata Mc-Graw Hill Publishing Company ,
Year of publication 1994.
300 ## - PHYSICAL DESCRIPTION
Number of Pages 1031 ; .
942 ## - ADDED ENTRY ELEMENTS (KOHA)
Koha item type Books
Holdings
Withdrawn status Lost status Damaged status Home library Current library Shelving location Date acquired Full call number Accession Number Koha item type
      KAUAET KAUAET Scheme 06/04/2013 621.317 SEN/PO 18521 Book Bank scheme for SC students
free website counter